Daň z nehnuteľnosti - povinnosti a daňové zvýhodnenie

Druhy miestnych daní podľa par. 2 zákona č. 582/2004 o miestnych daniach a miestnom poplatku za komunálne odpady a drobné stavebné odpady. Povinnosť priznať a platiť daň z nehnuteľnosti.

Gespeichert in:
Bibliographische Detailangaben
1. Verfasser: Bubeníková, Irena
Format: Buchkapitel
Sprache:Slowakisch
Schlagworte:
Tags: Tag hinzufügen
Keine Tags, Fügen Sie das erste Tag hinzu!

MARC

LEADER 00000naa a2200000 4500
001 0258312
005 20190918114019.1
041 0 |a slo 
044 |a SK 
245 1 0 |a Daň z nehnuteľnosti - povinnosti a daňové zvýhodnenie  |c Irena Bubeníková 
520 |a Druhy miestnych daní podľa par. 2 zákona č. 582/2004 o miestnych daniach a miestnom poplatku za komunálne odpady a drobné stavebné odpady. Povinnosť priznať a platiť daň z nehnuteľnosti. 
610 2 0 |a dane z nehnuteľností 
610 2 0 |a dane miestne 
610 2 0 |a priznania daňové 
610 2 0 |a zvýhodnenie daňové 
100 1 |a Bubeníková, Irena